| 000 | 00543nam a2200169 a 4500 | ||
|---|---|---|---|
| 005 | 20140412111410.0 | ||
| 008 | 070214s19uu xx 00 eng d | ||
| 020 | _a078685876-1 | ||
| 050 |
_aTR(PS E _bFa21 2000 |
||
| 245 |
_aFamily storybook library, bk. 11 : _bLet your heart be your guide. |
||
| 260 |
_aNew York : _bDisney press, _c2000. |
||
| 300 | _a19 | ||
| 440 | _aDisney's family storybook library | ||
| 520 | _aStories about hapiness, title includes the aristocats and beauty and the beast | ||
| 650 | _aFables | ||
| 999 |
_c105644 _d105644 |
||